Las Dos Culturas y un Segundo Enfoque
Gorde:
| Egile nagusia: | |
|---|---|
| Formatua: | Liburua |
| Hizkuntza: | Undetermined |
| Argitaratua: |
Madrid, España
Alianza Editorial
1977
|
| Gaiak: | |
| Etiketak: |
Etiketa erantsi
Etiketarik gabe, Izan zaitez lehena erregistro honi etiketa jartzen!
|
MARC
| LEADER | 00000nam a2200000Ia 4500 | ||
|---|---|---|---|
| 008 | 170316s9999 xx 000 0 und d | ||
| 090 | |a 100 S-50d | ||
| 100 | |a Snow, C.P. | ||
| 245 | |a Las Dos Culturas y un Segundo Enfoque | ||
| 260 | |a Madrid, España | ||
| 260 | |b Alianza Editorial | ||
| 260 | |c 1977 | ||
| 300 | |a 116 páginas | ||
| 650 | |a FILOSOFÍA | ||
| 999 | |c 17652 |d 17652 | ||
| 040 | |a cru BVZT | ||
| 942 | |c 15 D |h 100 S-50d |2 z | ||
